[Event "Rostov FIDE GP 2011"]
[Site "Rostov RUS"]
[Date "2011.08.03"]
[Round "2.1"]
[White "Ruan, Lufei"]
[Black "Danielian, Elina"]
[Result "1-0"]
[WhiteElo "2479"]
[BlackElo "2521"]
[PlyCount "127"]
[EventDate "2011.08.01"]
[EventType "tourn"]
[EventRounds "11"]
[EventCountry "RUS"]
[EventCategory "12"]
[Source "lmi"]
[SourceDate "2011.08.01"]

1. e4 e6 2. d4 d5 3. Nc3 Nf6 4. e5 Nfd7 5. f4 c5 6. Nf3 Nc6 7. Be3 a6 8. Qd2 b5
9. dxc5 Bxc5 10. Bd3 Bb7 11. Bf2 Qb6 12. O-O Bxf2+ 13. Qxf2 Qxf2+ 14. Kxf2 Ke7
15. Rae1 Nc5 16. Ke3 Rac8 17. Rf2 Rhd8 18. Nd4 Nxd4 19. Kxd4 b4 20. Ne2 a5 21.
Ke3 g6 22. Nd4 Ba6 23. g4 Bxd3 24. cxd3 Nd7 25. Kd2 Rg8 26. h3 h5 27. Rh2 Nb8
28. Rhh1 hxg4 29. hxg4 Nc6 30. Nf3 Rh8 31. Rc1 Rxh1 32. Rxh1 a4 33. Ke3 Kd7 34.
Rh7 Ke7 35. Rh1 Kd7 36. Kd2 Ke7 37. Rh7 Nd8 38. Rh8 Rc7 39. Nd4 Rc5 40. Rg8 Nc6
41. Nxc6+ Rxc6 42. Rb8 b3 43. axb3 axb3 44. Rxb3 g5 45. fxg5 d4 46. Rb5 Kf8 47.
b4 Kg7 48. Rc5 Rb6 49. b5 Kg6 50. Kc2 Kxg5 51. Kb3 Kxg4 52. Kc4 Kf5 53. Kxd4
Rb8 54. Kc4 Rb7 55. Kb4 f6 56. exf6+ Kxf6 57. Ka5 Rd7 58. b6 e5 59. Rc3 Ke6 60.
Ka6 Rd6 61. Ka7 Rd4 62. Ra3 Rd7+ 63. b7 Kd5 64. Ka8 1-0

[Event "Rostov FIDE GP 2011"]
[Site "Rostov RUS"]
[Date "2011.08.07"]
[Round "5.4"]
[White "Kosintseva, Nadezhda"]
[Black "Hou, Yifan"]
[Result "1/2-1/2"]
[WhiteElo "2560"]
[BlackElo "2575"]
[PlyCount "112"]
[EventDate "2011.08.01"]
[EventType "tourn"]
[EventRounds "11"]
[EventCountry "RUS"]
[EventCategory "12"]
[Source "lmi"]
[SourceDate "2011.08.01"]

1. e4 c5 2. Nf3 d6 3. d4 cxd4 4. Nxd4 Nf6 5. Nc3 a6 6. Bg5 e6 7. f4 Qb6 8. Qd2
Qxb2 9. Rb1 Qa3 10. e5 h6 11. Bh4 dxe5 12. fxe5 Nd5 13. Nxd5 exd5 14. e6 Bxe6
15. Nxe6 fxe6 16. Be2 Be7 17. Bh5+ Kd8 18. Bxe7+ Qxe7 19. O-O Nd7 20. Rf7 Qc5+
21. Kh1 Rf8 22. Rxg7 Rc8 23. h3 Rc6 24. Qxh6 Kc8 25. Bg4 Qxc2 26. Re1 Qc3 27.
Rxe6 Rxe6 28. Bxe6 Rf1+ 29. Kh2 Qe5+ 30. Rg3 Qe1 31. Qh8+ Kc7 32. Qc3+ Qxc3 33.
Rxc3+ Kd6 34. Bxd7 Kxd7 35. h4 Ke6 36. h5 Kf6 37. Rc7 Kg5 38. Rxb7 Kxh5 39. Rb6
d4 40. Rxa6 d3 41. Rd6 Ra1 42. Kg3 Rxa2 43. Rd5+ Kg6 44. Rxd3 Ra6 45. Rd4 Rb6
46. Kf4 Ra6 47. Kg3 Rb6 48. Rg4+ Kh6 49. Kh4 Ra6 50. Rg8 Kh7 51. Rg5 Kh6 52. g4
Rb6 53. Rc5 Kg6 54. Rg5+ Kh6 55. Rh5+ Kg6 56. Rg5+ Kh6 1/2-1/2

[Event "Rostov FIDE GP 2011"]
[Site "Rostov RUS"]
[Date "2011.08.07"]
[Round "5.5"]
[White "Danielian, Elina"]
[Black "Lahno, Kateryna"]
[Result "0-1"]
[WhiteElo "2521"]
[BlackElo "2536"]
[PlyCount "72"]
[EventDate "2011.08.01"]
[EventType "tourn"]
[EventRounds "11"]
[EventCountry "RUS"]
[EventCategory "12"]
[Source "lmi"]
[SourceDate "2011.08.01"]

1. Nf3 g6 2. c4 Bg7 3. g3 c5 4. Bg2 Nc6 5. O-O e6 6. Nc3 Nge7 7. d3 d5 8. cxd5
exd5 9. Bf4 O-O 10. Rc1 b6 11. Qd2 d4 12. Nb5 a6 13. Nd6 Be6 14. Nc4 Bd5 15.
Bh6 Bxh6 16. Qxh6 Nf5 17. Qf4 Qb8 18. Qg4 Re8 19. Rfe1 Qd8 20. h4 Ra7 21. h5
Rae7 22. hxg6 fxg6 23. Qf4 Rxe2 24. Rxe2 Rxe2 25. g4 Ng7 26. Ng5 Bxg2 27. Kxg2
Re7 28. Qf3 Nb4 29. Rh1 Qd5 30. Ne4 Rf7 31. Nxb6 Qc6 32. Qh3 Ne6 33. Qh4 Nf4+
34. Kg3 Qxb6 35. f3 Nbxd3 36. Qg5 Qc7 0-1

[Event "Rostov FIDE GP 2011"]
[Site "Rostov RUS"]
[Date "2011.08.07"]
[Round "5.6"]
[White "Kovalevskaya, Ekaterina"]
[Black "Kosintseva, Tatiana"]
[Result "0-1"]
[WhiteElo "2427"]
[BlackElo "2557"]
[PlyCount "100"]
[EventDate "2011.08.01"]
[EventType "tourn"]
[EventRounds "11"]
[EventCountry "RUS"]
[EventCategory "12"]
[Source "lmi"]
[SourceDate "2011.08.01"]

1. e4 c5 2. Nf3 e6 3. d3 Nc6 4. g3 g6 5. Bg2 Bg7 6. O-O Nge7 7. Nc3 d6 8. Be3
Nd4 9. Qd2 O-O 10. Bh6 Nxf3+ 11. Bxf3 Bxh6 12. Qxh6 Rb8 13. Bg2 b5 14. Ne2 d5
15. exd5 Nxd5 16. d4 c4 17. a3 a5 18. Nf4 Bb7 19. c3 b4 20. Bxd5 Bxd5 21. axb4
axb4 22. Nh3 Qd7 23. f3 Ra8 24. Ng5 f5 25. Rab1 Rfb8 26. Qh4 Qe7 27. Qf4 h6 28.
Nh3 g5 29. Qe3 Qb7 30. Rbe1 Ra2 31. Rf2 Rba8 32. Qe5 Kf7 33. Rfe2 Re8 34. Rf1
Ra6 35. Qe3 Ra2 36. Ref2 Rea8 37. Re2 Ra1 38. Ree1 R1a2 39. Re2 Ra1 40. Ree1
Rxe1 41. Rxe1 Ra2 42. Qe5 bxc3 43. Qh8 cxb2 44. Qxh6 b1=Q 45. Nxg5+ Ke8 46.
Qg6+ Kd7 47. Qf7+ Kc8 48. Qf8+ Kc7 49. Nxe6+ Bxe6 50. Qe7+ Kb8 0-1

[Event "Rostov FIDE GP 2011"]
[Site "Rostov RUS"]
[Date "2011.08.08"]
[Round "6.1"]
[White "Ruan, Lufei"]
[Black "Kosintseva, Tatiana"]
[Result "0-1"]
[WhiteElo "2479"]
[BlackElo "2557"]
[PlyCount "126"]
[EventDate "2011.08.01"]
[EventType "tourn"]
[EventRounds "11"]
[EventCountry "RUS"]
[EventCategory "12"]
[Source "lmi"]
[SourceDate "2011.08.01"]

1. e4 c5 2. Nf3 d6 3. d4 cxd4 4. Nxd4 Nf6 5. Nc3 a6 6. Be2 e6 7. O-O Be7 8. f4
O-O 9. Kh1 Qc7 10. a4 Nc6 11. Be3 Re8 12. Bd3 Nb4 13. a5 Bd7 14. Nf3 Rac8 15.
Qe1 Bc6 16. Bb6 Qb8 17. Bd4 Nd7 18. Qg3 Bf8 19. e5 Nxd3 20. cxd3 dxe5 21. Nxe5
Qd6 22. Nxc6 Rxc6 23. Be5 Qe7 24. Ne4 f5 25. Nd2 Nxe5 26. fxe5 Rd8 27. Nc4 Qb4
28. Rf3 Rc5 29. Qh3 Rcd5 30. g4 Qb3 31. gxf5 Rxd3 32. Ne3 exf5 33. Qg3 g6 34.
Re1 Bg7 35. Qh4 Qe6 36. Ng2 R3d4 37. Rf4 Rd2 38. Rf2 Rd1 39. Rfe2 R8d4 40. Qg3
R4d3 41. Nf4 Qc6+ 42. Qg2 Rxe1+ 43. Rxe1 Qxg2+ 44. Kxg2 Rd2+ 45. Kf3 Kf7 46.
Re3 g5 47. Nh5 Bh6 48. Rb3 Kg6 49. Nf6 g4+ 50. Kg3 Bg5 51. Rb6 Be3 52. Ne4+
Bxb6 53. Nxd2 Bxa5 54. Nc4 Be1+ 55. Kf4 b5 56. Nd6 Bd2+ 57. Kg3 h5 58. Ne8 h4+
59. Kg2 h3+ 60. Kh1 f4 61. e6 g3 62. hxg3 fxg3 63. e7 g2+ 0-1

[Event "Rostov FIDE GP 2011"]
[Site "Rostov RUS"]
[Date "2011.08.08"]
[Round "6.3"]
[White "Hou, Yifan"]
[Black "Danielian, Elina"]
[Result "1-0"]
[WhiteElo "2575"]
[BlackElo "2521"]
[PlyCount "79"]
[EventDate "2011.08.01"]
[EventType "tourn"]
[EventRounds "11"]
[EventCountry "RUS"]
[EventCategory "12"]
[Source "lmi"]
[SourceDate "2011.08.01"]

1. e4 c6 2. d4 d5 3. f3 dxe4 4. fxe4 e5 5. Nf3 Bg4 6. c3 Nd7 7. Bd3 Bd6 8. O-O
Ngf6 9. h3 Bh5 10. Nbd2 O-O 11. Nc4 Qc7 12. Qc2 Bg6 13. Bg5 Rfe8 14. Bxf6 gxf6
15. Nh4 Kh8 16. Kh1 Rg8 17. Ne3 Rae8 18. Ng4 exd4 19. cxd4 c5 20. Nxg6+ fxg6
21. Bb5 Rgf8 22. dxc5 Be7 23. b4 a6 24. Ba4 b5 25. Bb3 Ne5 26. Ne3 Nc6 27. Nd5
Qe5 28. a4 Bd8 29. axb5 axb5 30. Qd3 Qxe4 31. Qxb5 Nd4 32. Qc4 Re5 33. Rae1
Qxe1 34. Rxe1 Rxe1+ 35. Kh2 Re4 36. Qd3 f5 37. Qc3 Bh4 38. Bc2 Be1 39. Qa1 Rh4
40. Qxe1 1-0

[Event "Rostov FIDE GP 2011"]
[Site "Rostov RUS"]
[Date "2011.08.08"]
[Round "6.5"]
[White "Koneru, Humpy"]
[Black "Muzychuk, Anna"]
[Result "1/2-1/2"]
[WhiteElo "2614"]
[BlackElo "2538"]
[PlyCount "95"]
[EventDate "2011.08.01"]
[EventType "tourn"]
[EventRounds "11"]
[EventCountry "RUS"]
[EventCategory "12"]
[Source "lmi"]
[SourceDate "2011.08.01"]

1. d4 f5 2. Nf3 Nf6 3. g3 g6 4. Bg2 Bg7 5. O-O d6 6. b3 O-O 7. Bb2 c6 8. Nbd2
a5 9. c4 Na6 10. Qc2 Qc7 11. a3 Bd7 12. Rfe1 Rae8 13. e4 fxe4 14. Nxe4 Nxe4 15.
Qxe4 Nc5 16. Qe3 a4 17. b4 Nb3 18. Ra2 Bg4 19. Nd2 e5 20. d5 Nxd2 21. Qxd2 c5
22. b5 Qd7 23. Qc2 Ra8 24. Bc1 Bf3 25. Bxf3 Rxf3 26. Kg2 Qf5 27. Qxf5 Rxf5 28.
f4 Raf8 29. b6 Bh6 30. g4 Rxf4 31. h3 Kg7 32. Bxf4 Bxf4 33. Rb2 h6 34. h4 Ra8
35. Kf3 Kf7 36. Ke4 Ra6 37. Rf1 Ra8 38. Re2 Ra6 39. Rb2 Ra8 40. Re2 Ra6 41.
Rxf4+ exf4 42. Kxf4 Rxb6 43. Re6 Rb1 44. Rxd6 Rf1+ 45. Ke5 Re1+ 46. Kf4 Rf1+
47. Ke5 Re1+ 48. Kf4 1/2-1/2

[Event "Rostov FIDE GP 2011"]
[Site "Rostov RUS"]
[Date "2011.08.09"]
[Round "7.2"]
[White "Muzychuk, Anna"]
[Black "Galliamova, Alisa"]
[Result "1-0"]
[WhiteElo "2538"]
[BlackElo "2492"]
[PlyCount "117"]
[EventDate "2011.08.01"]
[EventType "tourn"]
[EventRounds "11"]
[EventCountry "RUS"]
[EventCategory "12"]
[Source "lmi"]
[SourceDate "2011.08.01"]

1. e4 c5 2. Nf3 d6 3. d4 cxd4 4. Nxd4 Nf6 5. Nc3 Nc6 6. Bg5 e6 7. Qd2 a6 8.
O-O-O Be7 9. f4 Nxd4 10. Qxd4 b5 11. Bxf6 gxf6 12. f5 Bd7 13. Be2 Qa5 14. a3
Rb8 15. Bh5 O-O 16. Rd3 b4 17. Ne2 Qb6 18. Qxb6 Rxb6 19. Rg3+ Kh8 20. Rb3 exf5
21. exf5 Bxf5 22. Rxb4 Rxb4 23. axb4 d5 24. c3 Be4 25. Bf3 f5 26. Ng3 Bg5+ 27.
Kd1 Rd8 28. Ke2 Bc2 29. Kf2 d4 30. Bd1 d3 31. Nxf5 Re8 32. Kf3 h5 33. Nd4 Bxd1+
34. Rxd1 Re3+ 35. Kf2 h4 36. Nf3 Bh6 37. Re1 Rxe1 38. Kxe1 Kg7 39. Ne5 d2+ 40.
Ke2 Bf4 41. Nf3 Kf6 42. h3 Bg3 43. Nxd2 Ke5 44. Kf3 Kd5 45. Ke3 Bc7 46. Nf3 Bd8
47. Kd3 Bf6 48. Nd2 Be7 49. Ne4 f5 50. Nd2 Ke5 51. Ke3 Bg5+ 52. Ke2 Kf4 53. Nf3
Bf6 54. Nd4 Kg3 55. Kf1 Kf4 56. Ne6+ Kg3 57. Nc5 Bg5 58. Nxa6 Bc1 59. c4 1-0

[Event "Rostov FIDE GP 2011"]
[Site "Rostov RUS"]
[Date "2011.08.09"]
[Round "7.3"]
[White "Kosintseva, Nadezhda"]
[Black "Koneru, Humpy"]
[Result "1/2-1/2"]
[WhiteElo "2560"]
[BlackElo "2614"]
[PlyCount "98"]
[EventDate "2011.08.01"]
[EventType "tourn"]
[EventRounds "11"]
[EventCountry "RUS"]
[EventCategory "12"]
[Source "lmi"]
[SourceDate "2011.08.01"]

1. e4 e5 2. Nf3 Nc6 3. Bb5 a6 4. Ba4 Nf6 5. O-O Be7 6. Re1 b5 7. Bb3 d6 8. c3
O-O 9. h3 Nb8 10. d4 Nbd7 11. Nbd2 Bb7 12. Bc2 Re8 13. a4 Bf8 14. Bd3 c6 15. b3
g6 16. Bf1 Nh5 17. Qc2 Rc8 18. Ba3 Nf4 19. Rad1 Qc7 20. Bb2 Ne6 21. Qb1 Bg7 22.
axb5 axb5 23. b4 Ba6 24. Qc2 Nb6 25. dxe5 dxe5 26. c4 bxc4 27. Nxc4 Bxc4 28.
Bxc4 Nxc4 29. Qxc4 c5 30. bxc5 Qxc5 31. Qxc5 Rxc5 32. Rd5 Rxd5 33. exd5 Nf4 34.
Nxe5 Nxd5 35. g3 Nb6 36. Bc3 Re6 37. Ba5 Rxe5 38. Rxe5 Bxe5 39. Bxb6 f5 40. g4
fxg4 41. hxg4 h5 42. gxh5 gxh5 43. Kg2 Kf7 44. Kh3 Kg6 45. Bd8 Bd4 46. f3 Be5
47. Be7 Bf4 48. Bd8 Be5 49. Be7 Bf4 1/2-1/2

[Event "Rostov FIDE GP 2011"]
[Site "Rostov RUS"]
[Date "2011.08.09"]
[Round "7.5"]
[White "Kovalevskaya, Ekaterina"]
[Black "Hou, Yifan"]
[Result "0-1"]
[WhiteElo "2427"]
[BlackElo "2575"]
[PlyCount "132"]
[EventDate "2011.08.01"]
[EventType "tourn"]
[EventRounds "11"]
[EventCountry "RUS"]
[EventCategory "12"]
[Source "lmi"]
[SourceDate "2011.08.01"]

1. e4 e6 2. d4 d5 3. Nc3 Nf6 4. Bg5 Be7 5. e5 Nfd7 6. Bxe7 Qxe7 7. f4 a6 8. Nf3
c5 9. dxc5 Nc6 10. Bd3 Nxc5 11. O-O Bd7 12. Ne2 f5 13. exf6 gxf6 14. Ned4 Nxd4
15. Nxd4 O-O-O 16. Qe1 Rhe8 17. Qe3 Qd6 18. Rae1 e5 19. fxe5 fxe5 20. Nf5 Qc7
21. b4 Nxd3 22. cxd3 Kb8 23. Rc1 Bc6 24. d4 exd4 25. Qxd4 Re4 26. Qf2 d4 27.
Ng3 Re7 28. Rcd1 d3 29. Rd2 Ka8 30. Qc5 Re5 31. Qf2 Bb5 32. Qf4 Qc3 33. h3 Bc6
34. Kh2 Red5 35. Rff2 h5 36. Qh4 Re8 37. Qf4 Bb5 38. Qh4 Qc7 39. Qf4 Qxf4 40.
Rxf4 Re2 41. Nf1 Rde5 42. Kg1 Ka7 43. Rf2 R2e4 44. a3 Re1 45. a4 Bxa4 46. Rxd3
R5e4 47. Kh2 Rxb4 48. Ng3 Re5 49. Nf5 a5 50. Nd6 Bc6 51. Nf7 Rd5 52. Re3 a4 53.
Ne5 Bb5 54. g4 hxg4 55. hxg4 Rb3 56. Rxb3 axb3 57. Nf3 Bd3 58. Ne1 Bg6 59. Rb2
Rd1 60. Ng2 Rb1 61. Rxb1 Bxb1 62. Ne3 Bc2 63. Nc4 Ka6 64. Kg3 Kb5 65. Nb2 Kb4
66. Kf4 b5 0-1

[Event "Rostov FIDE GP 2011"]
[Site "Rostov RUS"]
[Date "2011.08.09"]
[Round "7.6"]
[White "Kosintseva, Tatiana"]
[Black "Lahno, Kateryna"]
[Result "1/2-1/2"]
[WhiteElo "2557"]
[BlackElo "2536"]
[PlyCount "80"]
[EventDate "2011.08.01"]
[EventType "tourn"]
[EventRounds "11"]
[EventCountry "RUS"]
[EventCategory "12"]
[Source "lmi"]
[SourceDate "2011.08.01"]

1. e4 e5 2. Nf3 Nc6 3. Bb5 Nf6 4. d3 Bc5 5. c3 O-O 6. O-O Re8 7. b4 Bb6 8. Bc4
d6 9. Qb3 Qe7 10. Be3 Be6 11. Nbd2 Bxe3 12. fxe3 Rad8 13. Bxe6 Qxe6 14. c4 a5
15. b5 Nb8 16. Rae1 Nbd7 17. d4 Qg4 18. Qd3 Re7 19. Rf2 Rde8 20. Rfe2 exd4 21.
exd4 Nh5 22. Re3 Nf4 23. Qf1 f5 24. Kh1 Ng6 25. h3 Qf4 26. Nh2 Qxf1+ 27. Nhxf1
fxe4 28. Rxe4 Rxe4 29. Rxe4 Rxe4 30. Nxe4 Nf4 31. Ne3 Kf8 32. g3 Ne2 33. d5 Nc5
34. Nxc5 dxc5 35. Kg2 Nc3 36. a3 Nb1 37. Nc2 Nd2 38. Ne3 Nb1 39. Nc2 Nd2 40.
Ne3 Nb1 1/2-1/2

[Event "Rostov FIDE GP 2011"]
[Site "Rostov RUS"]
[Date "2011.08.10"]
[Round "8.1"]
[White "Ruan, Lufei"]
[Black "Lahno, Kateryna"]
[Result "1-0"]
[WhiteElo "2479"]
[BlackElo "2536"]
[PlyCount "96"]
[EventDate "2011.08.01"]
[EventType "tourn"]
[EventRounds "11"]
[EventCountry "RUS"]
[EventCategory "12"]
[Source "lmi"]
[SourceDate "2011.08.01"]

1. e4 e5 2. Nf3 Nc6 3. d4 exd4 4. Nxd4 Nf6 5. Nxc6 bxc6 6. e5 Qe7 7. Qe2 Nd5 8.
c4 Nb6 9. Nc3 Bb7 10. Bf4 g6 11. Qe3 Qb4 12. O-O-O Nxc4 13. Bxc4 Qxc4 14. e6
fxe6 15. Bxc7 c5 16. f3 Bc6 17. Be5 Rg8 18. Bd6 O-O-O 19. Kb1 g5 20. Bxf8 Rdxf8
21. Rc1 Qf4 22. Qxc5 Qf5+ 23. Ne4 Qxc5 24. Nxc5 Kc7 25. Rhd1 Rf7 26. Rd3 g4 27.
Nxe6+ dxe6 28. Rdc3 gxf3 29. Rxc6+ Kb7 30. gxf3 Rxf3 31. Rc7+ Kb6 32. R1c6+ Kb5
33. Rc5+ Kb6 34. R5c6+ Kb5 35. Rc5+ Ka6 36. a4 Rb8 37. a5 Rb5 38. Rxa7+ Kxa7
39. Rxb5 Rh3 40. Rb6 e5 41. Re6 Rxh2 42. Rxe5 Ka6 43. Ka2 h5 44. Ka3 h4 45. Rh5
h3 46. b3 Rh1 47. Kb4 h2 48. Rh7 Rg1 1-0

[Event "Rostov FIDE GP 2011"]
[Site "Rostov RUS"]
[Date "2011.08.10"]
[Round "8.2"]
[White "Hou, Yifan"]
[Black "Kosintseva, Tatiana"]
[Result "1/2-1/2"]
[WhiteElo "2575"]
[BlackElo "2557"]
[PlyCount "51"]
[EventDate "2011.08.01"]
[EventType "tourn"]
[EventRounds "11"]
[EventCountry "RUS"]
[EventCategory "12"]
[Source "lmi"]
[SourceDate "2011.08.01"]

1. e4 e5 2. Nf3 Nc6 3. Bb5 a6 4. Ba4 Nf6 5. O-O b5 6. Bb3 Bc5 7. c3 d6 8. a4
Rb8 9. d4 Bb6 10. axb5 axb5 11. Qd3 O-O 12. Bg5 exd4 13. cxd4 h6 14. Bh4 g5 15.
e5 gxh4 16. Qg6+ Kh8 17. Qxh6+ Nh7 18. Bc2 f5 19. exf6 Rf7 20. Ng5 Qxf6 21.
Nxf7+ Qxf7 22. Bxh7 Qxh7 23. Qf8+ Qg8 24. Qh6+ Qh7 25. Qf8+ Qg8 26. Qh6+
1/2-1/2

[Event "Rostov FIDE GP 2011"]
[Site "Rostov RUS"]
[Date "2011.08.10"]
[Round "8.4"]
[White "Koneru, Humpy"]
[Black "Danielian, Elina"]
[Result "1/2-1/2"]
[WhiteElo "2614"]
[BlackElo "2521"]
[PlyCount "104"]
[EventDate "2011.08.01"]
[EventType "tourn"]
[EventRounds "11"]
[EventCountry "RUS"]
[EventCategory "12"]
[Source "lmi"]
[SourceDate "2011.08.01"]

1. d4 d5 2. c4 c6 3. Nf3 Nf6 4. Nc3 dxc4 5. a4 Bf5 6. e3 e6 7. Bxc4 Nbd7 8. O-O
Bb4 9. Nh4 Bg4 10. f3 Bh5 11. g4 Bg6 12. Qe2 Nd5 13. Nxg6 hxg6 14. Bd2 a5 15.
e4 N5b6 16. Ba2 e5 17. Be3 exd4 18. Bxd4 Qe7 19. e5 Bc5 20. Bxc5 Nxc5 21. Rad1
Nbd7 22. Rfe1 O-O-O 23. e6 fxe6 24. Bxe6 Nxe6 25. Qxe6 Qc5+ 26. Qe3 Qxe3+ 27.
Rxe3 Nc5 28. Rxd8+ Rxd8 29. Re5 b6 30. Rg5 Rd6 31. h4 Kd8 32. h5 gxh5 33. gxh5
Ne6 34. Rg6 Ke7 35. f4 Nxf4 36. Rxg7+ Kf8 37. Rb7 c5 38. Ne4 Rh6 39. Nd2 Nd5
40. Nc4 Rxh5 41. Nxb6 Nxb6 42. Rxb6 Rh4 43. Rb5 Rxa4 44. Rxc5 Ke7 45. Kf2 Kd6
46. Rh5 Ra2 47. Ke3 a4 48. Ra5 Kc6 49. Kd3 Kb6 50. Ra8 Kb7 51. Ra5 Kb6 52. Ra8
Kb7 1/2-1/2

[Event "Rostov FIDE GP 2011"]
[Site "Rostov RUS"]
[Date "2011.08.10"]
[Round "8.5"]
[White "Galliamova, Alisa"]
[Black "Kosintseva, Nadezhda"]
[Result "1/2-1/2"]
[WhiteElo "2492"]
[BlackElo "2560"]
[PlyCount "73"]
[EventDate "2011.08.01"]
[EventType "tourn"]
[EventRounds "11"]
[EventCountry "RUS"]
[EventCategory "12"]
[Source "lmi"]
[SourceDate "2011.08.01"]

1. d4 Nf6 2. c4 e6 3. Nf3 d5 4. Nc3 Bb4 5. cxd5 exd5 6. Bg5 Nbd7 7. Qc2 c5 8.
g3 cxd4 9. Nxd4 Qb6 10. Rd1 Ne4 11. Be3 Qg6 12. Bd2 Nxc3 13. bxc3 Qxc2 14. Nxc2
Ba5 15. Bg2 Nf6 16. Nb4 Be6 17. Be3 O-O 18. O-O Bxb4 19. cxb4 Ne4 20. Rc1 Rfc8
21. Bd4 b5 22. Rfd1 Rxc1 23. Rxc1 a5 24. bxa5 Rxa5 25. Rc2 h6 26. Be5 b4 27. f3
Nc3 28. Bxc3 Rc5 29. e3 Rxc3 30. Rb2 Rxe3 31. Rxb4 Ra3 32. Rb2 d4 33. Rd2 Ra4
34. a3 Bf5 35. Kf2 d3 36. Ke3 Rxa3 37. Bf1 1/2-1/2

[Event "Rostov FIDE GP 2011"]
[Site "Rostov RUS"]
[Date "2011.08.12"]
[Round "9.1"]
[White "Muzychuk, Anna"]
[Black "Ruan, Lufei"]
[Result "1-0"]
[WhiteElo "2538"]
[BlackElo "2479"]
[PlyCount "123"]
[EventDate "2011.08.01"]
[EventType "tourn"]
[EventRounds "11"]
[EventCountry "RUS"]
[EventCategory "12"]
[Source "lmi"]
[SourceDate "2011.08.01"]

1. e4 e5 2. Nf3 Nc6 3. Bb5 Nf6 4. d3 Bc5 5. Bxc6 dxc6 6. Bg5 Qd6 7. Nbd2 Be6 8.
Bxf6 gxf6 9. Nc4 Bxc4 10. dxc4 Rg8 11. O-O O-O-O 12. Qe2 Qe6 13. Rad1 Qg4 14.
g3 f5 15. Rxd8+ Rxd8 16. Re1 f6 17. Kg2 fxe4 18. Qxe4 Qxe4 19. Rxe4 Rd1 20. Re1
Rxe1 21. Nxe1 Kd7 22. Nd3 Bf8 23. g4 Ke6 24. f4 e4 25. f5+ Kd6 26. Nf4 Bh6 27.
Ne6 Be3 28. Kf1 b5 29. b3 bxc4 30. bxc4 h6 31. Ke2 Bc1 32. h3 Bg5 33. Kf2 Bc1
34. Kg3 Be3 35. Kg2 Bc1 36. Kf2 Bd2 37. Kg3 Be3 38. a4 a5 39. Kg2 Bc1 40. Kf2
Bd2 41. Nd4 Bc3 42. Ne6 Bd2 43. Ke2 Bg5 44. Ke1 Be3 45. Kd1 Bg5 46. Ke2 Bc1 47.
h4 Bb2 48. Ke3 Ke5 49. Nd8 Bd4+ 50. Ke2 Bc5 51. Nf7+ Kf4 52. Nxh6 Bf8 53. Ng8
Kxg4 54. Nxf6+ Kxf5 55. Nd7 Be7 56. h5 Ke6 57. Nb8 Kd6 58. h6 Bf6 59. h7 Bd4
60. Na6 Ke7 61. Nc5 Bh8 62. Nb7 1-0

[Event "Rostov FIDE GP 2011"]
[Site "Rostov RUS"]
[Date "2011.08.12"]
[Round "9.3"]
[White "Danielian, Elina"]
[Black "Galliamova, Alisa"]
[Result "1-0"]
[WhiteElo "2521"]
[BlackElo "2492"]
[PlyCount "67"]
[EventDate "2011.08.01"]
[EventType "tourn"]
[EventRounds "11"]
[EventCountry "RUS"]
[EventCategory "12"]
[Source "lmi"]
[SourceDate "2011.08.01"]

1. d4 d5 2. c4 c6 3. Nf3 Nf6 4. Nc3 e6 5. Bg5 Nbd7 6. e3 Qa5 7. cxd5 Nxd5 8.
Qd2 Bb4 9. Rc1 h6 10. Bh4 b6 11. a3 Bxc3 12. bxc3 Qxa3 13. e4 Ne7 14. Bd3 Ng6
15. Bg3 Qe7 16. h4 O-O 17. h5 Nh8 18. e5 Bb7 19. Bh4 f6 20. Rh3 Qe8 21. exf6
Nxf6 22. Ne5 Nxh5 23. Bg5 Rf5 24. Bxf5 exf5 25. Bxh6 Ng6 26. Kf1 Nxe5 27. dxe5
gxh6 28. Qxh6 Ng7 29. Re1 Qe6 30. Qh7+ Kf8 31. Rh6 Qg8 32. Qg6 c5 33. e6 Be4
34. Rh8 1-0

[Event "Rostov FIDE GP 2011"]
[Site "Rostov RUS"]
[Date "2011.08.12"]
[Round "9.4"]
[White "Kovalevskaya, Ekaterina"]
[Black "Koneru, Humpy"]
[Result "1-0"]
[WhiteElo "2427"]
[BlackElo "2614"]
[PlyCount "51"]
[EventDate "2011.08.01"]
[EventType "tourn"]
[EventRounds "11"]
[EventCountry "RUS"]
[EventCategory "12"]
[Source "lmi"]
[SourceDate "2011.08.01"]

1. e4 c5 2. Nf3 e6 3. c4 Nc6 4. Nc3 Nf6 5. Be2 Qb6 6. O-O Be7 7. d3 O-O 8. a3
Rd8 9. Bg5 h6 10. Bh4 g5 11. Bg3 d5 12. Na4 Qa5 13. b4 cxb4 14. axb4 Bxb4 15.
exd5 exd5 16. d4 dxc4 17. Bxc4 Bg4 18. Qb3 Bxf3 19. Qxf3 Be7 20. d5 Nxd5 21.
Rfb1 Ncb4 22. Nc3 Qc5 23. Rxb4 Nf4 24. Bxf4 Qxb4 25. Bxf7+ Kh7 26. Be5 1-0

[Event "Rostov FIDE GP 2011"]
[Site "Rostov RUS"]
[Date "2011.08.13"]
[Round "10.3"]
[White "Koneru, Humpy"]
[Black "Kosintseva, Tatiana"]
[Result "1/2-1/2"]
[WhiteElo "2614"]
[BlackElo "2557"]
[PlyCount "108"]
[EventDate "2011.08.01"]
[EventType "tourn"]
[EventRounds "11"]
[EventCountry "RUS"]
[EventCategory "12"]
[Source "lmi"]
[SourceDate "2011.08.01"]

1. d4 Nf6 2. Nf3 d5 3. e3 e6 4. Bd3 b6 5. O-O Bb7 6. b3 Be7 7. Bb2 O-O 8. Ne5
Nbd7 9. Nd2 c5 10. Qe2 Qc7 11. f4 Ne4 12. Nxd7 Qxd7 13. Nxe4 dxe4 14. Bc4 Bf6
15. Rad1 Qc8 16. g4 a6 17. a4 cxd4 18. Bxd4 Bxd4 19. Rxd4 Bc6 20. Qd2 b5 21.
Be2 Qc7 22. Qc3 Rac8 23. Qc5 Bd5 24. Qxc7 Rxc7 25. c4 bxc4 26. bxc4 Bc6 27. a5
Rb8 28. Rfd1 Rcc8 29. c5 Bd5 30. Bc4 Rxc5 31. Bxd5 exd5 32. Rxd5 Rcc8 33. Rd6
g6 34. f5 gxf5 35. gxf5 Rb2 36. f6 h6 37. Kh1 Kh7 38. Rg1 Rg8 39. Rxg8 Kxg8 40.
Rxa6 Ra2 41. h4 h5 42. Ra7 Ra3 43. a6 Rxe3 44. Ra8+ Kh7 45. a7 Ra3 46. Kg2 Ra6
47. Kg3 e3 48. Kf3 Rxf6+ 49. Kxe3 Ra6 50. Kf4 Kg7 51. Kg5 Ra5+ 52. Kf4 Ra4+ 53.
Kg5 Ra5+ 54. Kf4 Ra4+ 1/2-1/2

[Event "Rostov FIDE GP 2011"]
[Site "Rostov RUS"]
[Date "2011.08.13"]
[Round "10.4"]
[White "Galliamova, Alisa"]
[Black "Kovalevskaya, Ekaterina"]
[Result "1-0"]
[WhiteElo "2492"]
[BlackElo "2427"]
[PlyCount "130"]
[EventDate "2011.08.01"]
[EventType "tourn"]
[EventRounds "11"]
[EventCountry "RUS"]
[EventCategory "12"]
[Source "lmi"]
[SourceDate "2011.08.01"]

1. d4 d5 2. c4 e6 3. Nc3 c5 4. cxd5 exd5 5. Nf3 Nc6 6. g3 Nf6 7. Bg2 Be7 8. O-O
O-O 9. dxc5 d4 10. Na4 Bf5 11. Bd2 b5 12. cxb6 axb6 13. Rc1 Be4 14. Ne1 b5 15.
Bxe4 Nxe4 16. Rxc6 Rxa4 17. a3 Rc4 18. Ra6 Qd5 19. Bb4 Bxb4 20. axb4 Rxb4 21.
Nd3 Rc4 22. Ra5 Rfc8 23. Re1 R4c7 24. Qa1 Nd6 25. Ra7 g6 26. Rxc7 Rxc7 27. Qa5
Rc8 28. Qa7 Nc4 29. Qe7 Qd6 30. Qb7 Rb8 31. Qe4 Qd7 32. Ra1 Re8 33. Ra8 Rxa8
34. Qxa8+ Kg7 35. Qe4 Qa7 36. Kg2 Qd7 37. g4 Qd6 38. h4 Nd2 39. Qe5+ Qxe5 40.
Nxe5 Kf6 41. Nc6 Nb3 42. Kf3 Ke6 43. Na7 Ke5 44. Nxb5 f5 45. gxf5 gxf5 46. Na3
Nd2+ 47. Kg2 Nb3 48. Nc2 h5 49. Nb4 Kf4 50. f3 Ke3 51. Kf1 Kd2 52. Nd3 Na5 53.
b4 Nc4 54. b5 Ne3+ 55. Kf2 Nd1+ 56. Kg3 Nc3 57. b6 Nxe2+ 58. Kf2 Kxd3 59. b7
Nc3 60. b8=Q Kc2 61. Qf4 d3 62. Qxf5 Kd2 63. Qxh5 Nd1+ 64. Kg3 Ne3 65. Qa5+ Ke2
1-0

[Event "Rostov FIDE GP 2011"]
[Site "Rostov RUS"]
[Date "2011.08.13"]
[Round "10.6"]
[White "Muzychuk, Anna"]
[Black "Kosintseva, Nadezhda"]
[Result "1/2-1/2"]
[WhiteElo "2538"]
[BlackElo "2560"]
[PlyCount "51"]
[EventDate "2011.08.01"]
[EventType "tourn"]
[EventRounds "11"]
[EventCountry "RUS"]
[EventCategory "12"]
[Source "lmi"]
[SourceDate "2011.08.01"]

1. d4 Nf6 2. c4 e6 3. Nc3 Bb4 4. Qc2 O-O 5. a3 Bxc3+ 6. Qxc3 d5 7. Nf3 dxc4 8.
Qxc4 b6 9. Bg5 Ba6 10. Qa4 h6 11. Bh4 c5 12. dxc5 bxc5 13. Rd1 Qb6 14. Bxf6
gxf6 15. Qg4+ Kh7 16. h4 Nc6 17. Rh3 Rg8 18. Qf4 f5 19. Rd7 Qxb2 20. Ng5+ hxg5
21. hxg5+ Kg6 22. Rh6+ Kg7 23. Rh7+ Kg6 24. Rh6+ Kg7 25. Rh7+ Kg6 26. Rh6+
1/2-1/2